Detalles MARC
| 000 -CABECERA |
| campo de control de longitud fija |
00977nam a2200241 a 4500 |
| 001 - NÚMERO DE CONTROL |
| campo de control |
000038683 |
| 005 - FECHA Y HORA DE LA ÚLTIMA TRANSACCIÓN |
| campo de control |
20241015140953.0 |
| 008 - DATOS DE LONGITUD FIJA--INFORMACIÓN GENERAL |
| campo de control de longitud fija |
130417s1989 dr 000 0 spa d |
| 040 ## - FUENTE DE LA CATALOGACIÓN |
| Centro catalogador/agencia de origen |
DO-SdBNP |
| Lengua de catalogación |
spa |
| Centro/agencia transcriptor |
BNPHU |
| 082 ## - NÚMERO DE LA CLASIFICACIÓN DECIMAL DEWEY |
| Número de clasificación |
xxxxx |
| Número de documento/Ítem |
xxxxx |
| 100 1# - ENTRADA PRINCIPAL--NOMBRE DE PERSONA |
| Nombre de persona |
Cordero Michel, Emilio, |
| Fechas asociadas al nombre |
1929-2018 |
| 9 (RLIN) |
44029 |
| 245 13 - MENCIÓN DE TÍTULO |
| Título |
La revolución Haitiana y Santo Domingo / |
| Mención de responsabilidad, etc. |
Emilio Cordero Michel ; prólogo Hugo Tolentino Dipp. |
| 250 ## - MENCIÓN DE EDICIÓN |
| Mención de edición |
3a ed. |
| 260 ## - PUBLICACIÓN, DISTRIBUCIÓN, ETC. |
| Lugar de publicación, distribución, etc. |
Santo Domingo : |
| Nombre del editor, distribuidor, etc. |
Universitaria , |
| Fecha de publicación, distribución, etc. |
1989. |
| 300 ## - DESCRIPCIÓN FÍSICA |
| Extensión |
116 p. : ; |
| Dimensiones |
20 cm. |
| 490 1# - MENCIÓN DE SERIE |
| Mención de serie |
Publicaciones de la Universidad Autónoma de Santo Domingo |
| Designación de volumen o secuencia |
628 |
| 490 1# - MENCIÓN DE SERIE |
| Mención de serie |
Colección historia y sociedad |
| Designación de volumen o secuencia |
85 |
| 500 ## - NOTA GENERAL |
| Nota general |
Incluye notas y referencias bibliográficas al pie de las páginas |
| 504 ## - NOTA DE BIBLIOGRAFÍA, ETC. |
| Nota de bibliografía, etc. |
Bibliografías : p. 113-116 |
| 700 1# - PUNTO DE ACCESO ADICIONAL--NOMBRE DE PERSONA |
| Nombre de persona |
Tolentino Dipp, Hugo, |
| Fechas asociadas al nombre |
1930-2019 |
| Término indicativo de función/relación |
pról. |
| 9 (RLIN) |
12717 |
| 830 #0 - PUNTO DE ACCESO ADICIONAL DE SERIE-TÍTULO UNIFORME |
| Título uniforme |
Publicaciones de la Universidad Autónoma de Santo Domingo |
| Número de parte o sección de la obra |
628 |
| 9 (RLIN) |
64998 |
| 830 #0 - PUNTO DE ACCESO ADICIONAL DE SERIE-TÍTULO UNIFORME |
| Título uniforme |
Colección historia y sociedad |
| Número de parte o sección de la obra |
85 |
| 9 (RLIN) |
64999 |